Posición de la mujer en la sociedad mexicana desde el punto de vista histórico-cultural diplomová práca

Enregistré dans:
Détails bibliographiques
Auteur principal: Feketová, Monika
Collectivité auteur: Fakulta aplikovaných jazykov EU v Bratislave. Katedra románskych a slovanských jazykov
Autres auteurs: Tužinská, Sofia, 1973-
Format: Livre
Langue:espagnol
Publié: Bratislava 2024
Tags: Ajouter un tag
Pas de tags, Soyez le premier à ajouter un tag!

MARC

LEADER 00000nbm a2200000 4500
001 0300597
005 20250327134444.6
041 0 |a spa 
044 |a SK 
245 1 0 |a Posición de la mujer en la sociedad mexicana desde el punto de vista histórico-cultural  |b diplomová práca  |c Monika Feketová ; školiteľ: Sofia Tužinská 
264 1 |a Bratislava  |c 2024 
300 |a 72 s. 
100 1 |a Feketová, Monika 
700 1 |a Tužinská, Sofia, 1973- 
710 2 |a Fakulta aplikovaných jazykov EU v Bratislave. Katedra románskych a slovanských jazykov